000 00746cam a2200217 i 4500
008 140205s2014 vtu b 001 0 eng
020 _a9781472429780 (hardcover : alk. paper)
020 _a1472429788
050 0 0 _aML3917.G7
_bS77 2014
082 0 0 _a781.64086/91
100 1 _aStratton, Jon,
245 1 0 _aWhen music migrates :
_bcrossing British and European racial faultlines, 1945-2010 /
_cJon Stratton.
260 _aEngland
_bAshgate Publishing Ltd.
_c2014
300 _ax, 221 pages ;
650 0 _aPopular music
_xSocial aspects
650 0 _aMusic and race
650 0 _aSka (Music)
_xHistory and criticism.
650 0 _aReggae music
_xHistory and criticism.
650 0 _aBlack people
_xMusic
_xHistory and criticism.
942 _cBK
999 _c3290
_d3290